000
00328nam a2200133Ia 4500
008
190722s9999 xx 000 0 und d
020
_a
978-81-224-3352-4
100
_a
P.C Rakshit
245
0
_a
Foundations of Electronics
250
_a
3rd
260
_a
New Delhi
_b
New Age international
_c
2015
300
_a
347
942
_c
BK
999
_c
996
_d
996